[Event "Cannes op"]
[Site "Cannes"]
[Date "1990.??.??"]
[Round "3"]
[White "Stranjakovitch, Jean"]
[Black "Bourguet, G."]
[Result "0-1"]
[WhiteElo "2150"]
[BlackElo "2030"]

1.d4 Nf6 2.Bg5 c5 3.Bxf6 gxf6 4.d5 Qb6 5.Qc1 f5 6.Na3 Bg7 7.c3 d6 8.g3 Nd7
9.Bg2 Nf6 10.e3 Bd7 11.Ne2 Qa6 12.Bf3 Rb8 13.O-O Nxd5 14.Bxd5 Qxe2 15.Re1 Qh5
16.e4 fxe4 17.Bxe4 O-O 18.Qe3 Rfe8 19.Rad1 b5 20.Nc2 Bf5 21.Rd5 e6 22.Rxd6 Qg6
23.Bxf5 Qxf5 24.Qd2 b4 25.cxb4 cxb4 26.Ne3 Qa5 27.Rd7 Red8 28.Rd1 Rxd7 29.Qxd7 Bxb2
30.Nc4 Qxa2 31.Qc7 Rf8 32.Qf4 Bg7 33.Rd7 b3 34.Nd6 b2 35.Rxf7 b1=Q+ 36.Kg2 Qd5+
37.f3 Qc2+  0-1

[Event "Cannes op"]
[Site "Cannes"]
[Date "1990.??.??"]
[Round "4"]
[White "Klaric, Zlatko"]
[Black "Guichard, Y."]
[Result "1-0"]
[WhiteElo "2400"]
[BlackElo "2010"]

1.d4 Nf6 2.Bg5 c5 3.Bxf6 gxf6 4.d5 d6 5.Nc3 Bg7 6.e4 a6 7.a4 f5 8.Bd3 c4
9.Bxc4 fxe4 10.Nge2 Bf5 11.Ng3 Bg6 12.h4 Qc8 13.Qe2 f5 14.h5 Bf7 15.a5 Be5
16.Na4 Bxg3 17.Nb6 Qc5 18.fxg3 Ra7 19.g4 Nd7 20.Nxd7 Kxd7 21.gxf5 Bxd5 22.Bxd5 Qxd5
23.O-O Raa8 24.Ra4 Raf8 25.Rxe4 Rf7 26.b4 Qb5 27.Qg4 Rhf8 28.f6+ Kc7 29.Rf5 e5
30.Qf3 Qd5 31.Rg4 Qxf3 32.Rxf3 d5 33.Rg7 e4 34.Rf5 Kd6 35.Rgg5 d4 36.Rd5+ Ke6
37.Rge5+ Kxf6 38.Rxe4 Rc8 39.Rexd4 Ke6 40.Rd6+ Ke5 41.Rd7 Rc7 42.Rxf7 Rxf7
43.Rc4 Kf5 44.Kh2 Kg5 45.Rc5+ Kg4 46.c4 h6 47.b5 axb5 48.cxb5 Rf2 49.Rc4+ Kxh5
50.Ra4 Rf8 51.a6 bxa6 52.bxa6 Ra8 53.a7 Kg5 54.Kh3  1-0

[Event "Cannes op"]
[Site "Cannes"]
[Date "1990.??.??"]
[Round "4"]
[White "Goldstein, Marc"]
[Black "Barnier, A."]
[Result "1-0"]
[WhiteElo "2110"]
[BlackElo "2030"]

1.d4 Nf6 2.Bg5 c5 3.Bxf6 gxf6 4.d5 f5 5.e3 Qb6 6.Qc1 Bg7 7.Nc3 Rg8 8.Nge2 d6
9.g3 Nd7 10.Bg2 Ne5 11.O-O Bd7 12.Rb1 Rc8 13.Nf4 Qa5 14.a3 Nc4 15.Rd1 b5
16.Nce2 Qc7 17.b3 Nb6 18.c4 a5 19.cxb5 Bxb5 20.Qd2 Bd7 21.Rdc1 a4 22.b4 c4
23.Nc3 e5 24.dxe6 fxe6 25.e4 fxe4 26.Bxe4 Bh6 27.Re1 d5 28.Bg2 Bxf4 29.Qxf4 Qxf4
30.gxf4 Kf7 31.Rbd1 Rg4 32.Kh1 Rxf4 33.Rd2 Bc6 34.Red1 Rg8 35.f3 Nd7 36.Ne2 Rf6
37.Nd4 Bb7 38.Bh3 Ne5 39.Re2 Rg5 40.Bxe6+ Rxe6 41.f4 Rg4 42.fxe5 Rh6 43.e6+ Ke8
44.Rg2 Rhg6 45.Re2 h5 46.b5 h4 47.Re3 Rf4 48.h3 Rg3 49.Rxg3 hxg3 50.Kg2 Rf2+
51.Kxg3 Ra2 52.Kf4 Rxa3 53.Rg1 Rxh3 54.Nf5 Rh8 55.Rg7 Bc8 56.Ke5 a3 57.Nd6+ Kf8
58.Rf7+ Kg8 59.Nxc8 Rh5+ 60.Kd6 c3 61.Ne7+ Kh8 62.Ng6+ Kg8 63.Rf8+ Kg7 64.e7 c2
65.e8=Q c1=Q 66.Qe7+ Kh6 67.Rh8+ Kxg6 68.Rg8+ Kf5 69.Qe5+  1-0

[Event "Obro-B"]
[Site "Copenhagen"]
[Date "1990.??.??"]
[Round "8"]
[White "Borge, Nikolaj"]
[Black "Jarzynski, Andrzej"]
[Result "1-0"]
[WhiteElo "2340"]
[BlackElo "2325"]

1.d4 Nf6 2.Bg5 c5 3.Bxf6 gxf6 4.d5 e5 5.e3 d6 6.Bb5+ Nd7 7.Bd3 Nb6 8.Qf3 c4
9.Be4 h5 10.Bf5 Bxf5 11.Qxf5 Nxd5 12.Ne2 Qc8 13.Qf3 Qc6 14.Na3 Ne7 15.e4 f5
16.Nc3 fxe4 17.Qxe4 Rh6 18.Qe2 d5 19.O-O-O Re6 20.Qf3 d4 21.Ne4 Nd5 22.Ng5 Rf6
23.Qe4 Bxa3 24.Qxe5+ Be7 25.Rxd4 O-O-O 26.Rhd1 Bd6 27.Qe2 Bf4+ 28.Kb1 b5
29.Ne4 Re6 30.Qxh5 Be5 31.R4d2 c3 32.Rd3 cxb2 33.Qxf7 Nc3+ 34.Nxc3 Rxd3 35.Rxd3 Bh8
36.Rg3 Re1+ 37.Kxb2 Re8 38.Qf5+ Kb8 39.Kc1 Re1+ 40.Kd2  1-0

[Event "Daugavpils"]
[Site "Daugavpils"]
[Date "1990.??.??"]
[Round "?"]
[White "Terentiev, Sergei"]
[Black "Gipslis, Aivars"]
[Result "1/2-1/2"]
[WhiteElo "2360"]
[BlackElo "2480"]

1.d4 Nf6 2.Bg5 g6 3.Bxf6 exf6 4.Nf3 Bg7 5.e3 O-O 6.c4 d6 7.Be2 Nd7 8.O-O f5
9.Nc3 Nf6 10.Nd2 Re8 11.Bf3 c6 12.b4 Be6 13.Qc2  1/2-1/2

[Event "Daugavpils"]
[Site "Daugavpils"]
[Date "1990.??.??"]
[Round "?"]
[White "Rausis, Igors"]
[Black "Bagirov, Vladimir"]
[Result "1/2-1/2"]
[WhiteElo "2470"]
[BlackElo "2470"]

1.d4 Nf6 2.Bg5 d5 3.Bxf6 gxf6 4.Nd2 Bf5 5.e3 c6 6.c4 Qb6 7.Qb3 e6 8.Ngf3 Nd7
9.Be2 Be7 10.O-O O-O 11.Rfd1 Rfc8 12.Rac1 Bg6 13.h3 a5 14.Nh4 f5 15.Nhf3 Qxb3
16.Nxb3 a4 17.Nbd2 a3 18.b3 Bh5 19.Rc2 Bb4 20.Kf1 Bxf3 21.Nxf3 dxc4 22.bxc4 b6
23.g4 fxg4 24.hxg4 h6 25.Kg2 Bf8 26.Rb1 Ra5 27.Bd3 c5 28.d5 Bg7 29.Rd2 Kf8
30.dxe6 fxe6 31.Be2 Ke7 32.Nh4 Ra7 33.Ng6+ Kf7 34.Nf4 Bc3 35.Rd3 Bb2 36.Rh1 Bg7
37.Rb3 Rcc7 38.Rh3 Ra4 39.e4 Rca7 40.Rhf3 Ne5 41.Rg3 Nxc4 42.Bxc4 Rxc4 43.Rxa3 Rca4
44.Rab3 Rxe4 45.Rgf3 Raa4 46.Nh5+ Kg6 47.Nxg7 Rxg4+ 48.Kf1 Kxg7 49.Rxb6 Rge4
50.Rc6 c4 51.a3 h5 52.Rc5 Kg6 53.Rc8 Re5 54.Rg8+ Kh7 55.Rfg3 Ra7 56.Rc8 Rea5
57.Rxc4 Rxa3 58.Rxa3 Rxa3 59.Re4 Ra6 60.Re5  1/2-1/2

[Event "Daugavpils"]
[Site "Daugavpils"]
[Date "1990.??.??"]
[Round "?"]
[White "Terentiev, Sergei"]
[Black "Unzicker, Wolfgang"]
[Result "1/2-1/2"]
[WhiteElo "2360"]
[BlackElo "2475"]

1.d4 Nf6 2.Bg5 d5 3.Nd2 Nbd7 4.Ngf3 g6 5.e3 Bg7 6.Be2 O-O 7.O-O c5 8.c3 b6
9.a4 a6 10.b4 c4 11.Qb1 Bb7 12.h3 b5 13.Bd1 h6 14.Bh4 g5 15.Bg3 Ne4 16.Nxe4 dxe4
17.Nd2 f5 18.f3 exf3 19.Bxf3 Bxf3 20.Rxf3 e6 21.Bd6 Rf7 22.axb5 axb5 23.Rxa8 Qxa8
24.e4 Qc6 25.Bh2 e5 26.d5 Qb6+ 27.Kh1 f4 28.Qa1 Qb7 29.Rf1 Rf8 30.Qb2 Ra8
31.Ra1 Bf8 32.Ra3 Bd6 33.Qa1 Rxa3 34.Qxa3 Nf6  1/2-1/2

[Event "Dieren op"]
[Site "Dieren"]
[Date "1990.??.??"]
[Round "3"]
[White "Wilgenhof, Otto"]
[Black "Van Wely, Loek"]
[Result "0-1"]
[WhiteElo "2220"]
[BlackElo "2400"]

1.d4 Nf6 2.Bg5 g6 3.Nd2 Bg7 4.e4 d6 5.Ngf3 O-O 6.h3 Nbd7 7.Bd3 e5 8.c3 c6
9.O-O h6 10.Be3 Nh5 11.Nc4 Qe7 12.dxe5 dxe5 13.Bc2 b6 14.Qd6 Qxd6 15.Nxd6 Ba6
16.Rfd1 Be2 17.Rd2 Bxf3 18.gxf3 Nf4 19.Bb3 Nf6 20.Bxf4 exf4 21.Rad1 a5 22.a4 Ra7
23.Kg2 Re7 24.Ba2 Kh7 25.Nc4 Rb8 26.Rd6 Rc7 27.Rd8 Rxd8 28.Rxd8 Nd7 29.Re8 Bf8
30.Bb3 Kg7 31.Kf1 Ra7 32.Ke2 b5 33.Ne5 Nxe5 34.Rxe5 Bd6 35.Re8 Rb7 36.Rd8 bxa4
37.Bxa4 Rxb2+ 38.Ke1 Be5 39.Bxc6 Bxc3+ 40.Kf1 Kf6 41.Rd7 Ke6 42.Rb7 Rxb7
43.Bxb7 a4 44.Bd5+ Ke7 45.Ke2 Bd4 46.Bc6 a3 47.Bd5 f6 48.Kd3 Bxf2 49.Kc3 Bc5
50.Bb7 Kd6 51.Bd5 g5 52.Bf7 Ke5 53.Bg8 h5 54.Kd3 g4  0-1

[Event "Erlangen"]
[Site "Erlangen"]
[Date "1990.??.??"]
[Round "?"]
[White "Klinger, Josef"]
[Black "Adamski, Jan"]
[Result "0-1"]
[WhiteElo "2475"]
[BlackElo "2410"]

1.d4 d5 2.Bg5 Nf6 3.e3 c6 4.Bd3 Bg4 5.Ne2 Nbd7 6.f4 e6 7.O-O Be7 8.Qe1 Bxe2
9.Qxe2 Ne4 10.Bxe4 dxe4 11.Bxe7 Qxe7 12.f5 O-O 13.Nd2 exf5 14.Rxf5 g6 15.Rf4 f5
16.g4 Rf7 17.gxf5 gxf5 18.Raf1 Raf8 19.Kh1 Nb6 20.c4 Qe6 21.b3 Nc8 22.Qg2+ Kh8
23.Qh3 Nd6 24.c5 Ne8 25.Nc4 Rf6 26.Rh4 h6 27.Ne5 Kh7 28.Rhf4 Nc7 29.Qg3 Nd5
30.R4f2 Rg8 31.Qh3 Rg5 32.Nc4 Qg8 33.Ne5 Qg7 34.Re1 Rf8 35.a3 Rg8 36.Rff1 Rh5  0-1

[Event "Ermua"]
[Site "Ermua"]
[Date "1990.??.??"]
[Round "9"]
[White "Echegaray, P."]
[Black "Alonso, Juan Ignacio"]
[Result "1-0"]
[WhiteElo "2270"]
[BlackElo "2280"]

1.d4 Nf6 2.Bg5 d5 3.Nf3 e6 4.e3 c5 5.Nbd2 Nc6 6.c3 Be7 7.Bd3 b6 8.O-O O-O
9.Ne5 Nxe5 10.dxe5 Nd7 11.Bxe7 Qxe7 12.f4 g6 13.Nf3 Rd8 14.Qe1 Bb7 15.Qg3 Nf8
16.Ng5 d4 17.cxd4 cxd4 18.e4 h6 19.Nf3 Nd7 20.f5 exf5 21.Bc4 Kh7 22.exf5 Bxf3
23.fxg6+ fxg6 24.e6 Rf8 25.Rxf3 Nc5 26.Raf1 Ne4 27.Qe5 Rxf3 28.Rxf3 Ng5 29.Rf6 Rc8
30.h4 Rc5 31.Qf4 Rxc4 32.hxg5 Qc5 33.Rf7+ Kg8 34.Qb8+ Qc8 35.Qe5  1-0

[Event "ESP-chT"]
[Site "?"]
[Date "1990.??.??"]
[Round "?"]
[White "Pomes Marcet, Juan"]
[Black "Bernal Moro, Luis Javier"]
[Result "1/2-1/2"]
[WhiteElo "2420"]
[BlackElo "2380"]

1.d4 Nf6 2.Bg5 c5 3.Bxf6 gxf6 4.d5 d6 5.e3 f5 6.c3 Nd7 7.Ne2 Nf6 8.Nf4 Qb6
9.Qc2 Bg7 10.Bc4 O-O 11.Nd2 Bd7 12.O-O Qc7 13.a4 Rae8 14.Qb3 Kh8 15.Nf3 Bh6
16.Rfd1 Rg8 17.g3 a6 18.a5 Rb8 19.Qc2 Rbe8 20.Qb3 Rb8  1/2-1/2

[Event "Espoo"]
[Site "Espoo"]
[Date "1990.??.??"]
[Round "6"]
[White "Nei, Iivo"]
[Black "Konopka, Michal"]
[Result "1/2-1/2"]
[WhiteElo "2425"]
[BlackElo "2400"]

1.d4 Nf6 2.Bg5 g6 3.Nd2 d5 4.e3 Bg7 5.c3 O-O 6.h3 b6 7.Ngf3 c5 8.Bf4 Nc6
9.Be2 Bb7 10.O-O Nd7 11.Qb3 e6 12.Rad1 Qe7 13.Rfe1 h6 14.Bg3 c4 15.Qc2 f5
16.Nh2 b5 17.f3 e5 18.dxe5 Bxe5 19.Bxe5 Ncxe5 20.f4 Nc6 21.Bf1 Nf6 22.Ndf3 Kh7
23.Nd4 Nxd4 24.exd4 Ne4 25.Nf3 a5 26.Be2 Rae8 27.Ne5 Qh4 28.Rf1 g5 29.fxg5 hxg5
30.Nf3 Ng3 31.Rfe1 Ne4 32.Rf1 Ng3 33.Rfe1 Ne4  1/2-1/2

[Event "Forli op"]
[Site "Forli"]
[Date "1990.??.??"]
[Round "2"]
[White "Testa, Armando"]
[Black "Fries Nielsen, Jens Ove"]
[Result "0-1"]
[WhiteElo "2220"]
[BlackElo "2400"]

1.d4 Nf6 2.Bg5 g6 3.Bxf6 exf6 4.e3 Bg7 5.c4 d6 6.Nc3 Nd7 7.Nf3 O-O 8.g3 f5
9.Bg2 Nf6 10.O-O Re8 11.Qc2 h5 12.Rfd1 c6 13.b4 Qe7 14.Rac1 Ne4 15.Ne1 h4
16.Nd3 hxg3 17.hxg3 Bd7 18.Nf4 g5 19.Nfe2 Nf6 20.d5 Ng4 21.Qd2 Qf6 22.dxc6 Bxc6
23.Nd5 Qh6 24.Nd4 Bxd4 25.Qxd4 Qh2+ 26.Kf1 Re5 27.Rd2 Rae8 28.Bf3 Bxd5 29.Bxd5 Re4
30.Bxe4 Rxe4 31.Qxd6 Qh1+ 32.Ke2 Qxc1 33.Qd8+ Kh7 34.Qxg5 Qxc4+ 35.Kf3 Qc6
36.Rd1 Qh6 37.Qxf5+ Qg6 38.Qxe4 Qxe4+ 39.Kxe4 Nxf2+ 40.Kf3 Nxd1  0-1

[Event "Forli op"]
[Site "Forli"]
[Date "1990.??.??"]
[Round "4"]
[White "Testa, Armando"]
[Black "Mauro, Alan"]
[Result "0-1"]
[WhiteElo "2220"]
[BlackElo "2240"]

1.d4 Nf6 2.Bg5 g6 3.Bxf6 exf6 4.e3 Bg7 5.c4 d6 6.Nc3 O-O 7.g3 Re8 8.Bg2 c6
9.Nge2 f5 10.O-O Nd7 11.Qc2 Nf6 12.Rfd1 Qe7 13.Rac1 h5 14.b4 h4 15.d5 hxg3
16.hxg3 Bd7 17.Qd2 Rad8 18.dxc6 Bxc6 19.Bxc6 bxc6 20.Nd4 Rc8 21.b5 Ng4 22.Nxc6 Qg5
23.Nd5 Qh6 24.Nce7+ Kh7 25.Nxc8 Qh2+ 26.Kf1 Rxc8 27.a4 Ne5 28.Qd4 Qh1+ 29.Ke2 Qf3+
30.Kf1 Qh1+ 31.Ke2 Qf3+ 32.Ke1 Qh5 33.Qf4 Nf3+ 34.Kf1 Be5 35.Qxe5 Qh3+ 36.Ke2 dxe5
37.Rh1 Nh2  0-1

[Event "Forli op"]
[Site "Forli"]
[Date "1990.??.??"]
[Round "7"]
[White "Fries Nielsen, Jens Ove"]
[Black "Guerra, Ugo"]
[Result "1-0"]
[WhiteElo "2400"]
[BlackElo "2340"]

1.d4 Nf6 2.Bg5 g6 3.Bxf6 exf6 4.e4 Bg7 5.Nf3 O-O 6.Bd3 f5 7.exf5 Re8+ 8.Kf1 c5
9.fxg6 hxg6 10.h4 Nc6 11.h5 g5 12.h6 Bf6 13.dxc5 Bxb2 14.Nbd2 d5 15.cxd6 Bg4
16.Rb1 Bd4 17.Ne4 f6 18.Rxb7  1-0

[Event "Forli op"]
[Site "Forli"]
[Date "1990.??.??"]
[Round "8"]
[White "Meduna, Eduard"]
[Black "Fries Nielsen, Jens Ove"]
[Result "1/2-1/2"]
[WhiteElo "2485"]
[BlackElo "2400"]

1.d4 Nf6 2.Bg5 g6 3.Bxf6 exf6 4.e3 d5 5.c4 dxc4 6.Bxc4 Bd6 7.Nc3 O-O 8.Qf3 c5
9.Nge2 Nc6 10.O-O cxd4 11.exd4 Bf5 12.Rfd1 Rc8 13.Bb3 h5 14.h3 Kg7 15.Ng3 Bxg3
16.Qxg3 Na5 17.Rd2 Re8 18.Rad1 Nxb3 19.axb3 Qd7 20.d5 Re5 21.f4 Ree8 22.Re1 Rxe1+
23.Qxe1 Qd6 24.Qe3 a6 25.Qd4 b5 26.Re2 Rd8 27.b4 Rc8 28.b3 Rd8 29.Kf2 h4
30.Kg1 Rc8 31.Kh1 Rd8 32.Kg1 Rc8 33.Kf2 Rd8 34.Ke1 Rc8 35.Kd2 Bd7 36.Re1 Rc7
37.Rc1 Bf5 38.Ke3 Re7+ 39.Kf2 Rd7 40.Kf3 Rc7 41.Kf2 Rd7  1/2-1/2

[Event "Forli op"]
[Site "Forli"]
[Date "1990.??.??"]
[Round "8"]
[White "Rossi, Carlo"]
[Black "Bode, Ulf"]
[Result "1-0"]
[WhiteElo "2310"]
[BlackElo "2235"]

1.d4 Nf6 2.Bg5 c5 3.Nc3 Qa5 4.Bxf6 gxf6 5.d5 f5 6.Qd2 Bg7 7.Nd1 Qxd2+ 8.Kxd2 e6
9.g3 b5 10.c3 Bb7 11.Bg2 d6 12.Ne3 Ke7 13.Nh3 Nd7 14.Nf4 Nb6 15.Rhg1 a5 16.dxe6 Bxg2
17.Nxf5+ Kf6 18.Nxg7 Nc4+ 19.Kc1 Be4 20.Ngh5+ Ke7 21.b3 Na3 22.exf7 b4 23.f3 Bg6
24.Nd5+ Kxf7 25.Nhf4 a4 26.Nb6 axb3 27.Nxa8 b2+ 28.Kxb2 Nc4+ 29.Kc1 Rxa8
30.cxb4 cxb4 31.Nxg6  1-0

[Event "BL2-S8990"]
[Site "Germany"]
[Date "1990.??.??"]
[Round "?"]
[White "Huemmer, Bernd"]
[Black "Leitner, Maximilian"]
[Result "1-0"]
[WhiteElo "2265"]
[BlackElo "2245"]

1.d4 Nf6 2.Bg5 c5 3.d5 Qb6 4.Nc3 Qxb2 5.Bd2 Qb6 6.e4 d6 7.f4 e6 8.dxe6 Bxe6
9.Nf3 a6 10.Be2 Nc6 11.Ng5 Qc7 12.a4 Be7 13.O-O Nd4 14.Rb1 O-O 15.Nxe6 fxe6
16.g4 Qc6 17.g5 Nxe4 18.Nxe4 Qxe4 19.Bd3 Qd5 20.c4 Qc6 21.Bxh7+  1-0

[Event "Bundesliga 8990"]
[Site "Germany"]
[Date "1990.??.??"]
[Round "?"]
[White "Franke, Heribert"]
[Black "Paulsen, Dirk"]
[Result "1/2-1/2"]
[WhiteElo "2370"]
[BlackElo "2370"]

1.d4 Nf6 2.Bg5 c5 3.d5 Qb6 4.Nc3 g6 5.e4 Bg7 6.Be2 d6 7.Qd2 Qxb2 8.Rb1 Nxe4
9.Rxb2 Bxc3 10.Bb5+ Nd7 11.Ne2 Bxd2+ 12.Bxd2 a6 13.Bxd7+ Kxd7 14.Ba5 b5 15.O-O Bb7
16.c4 Rhb8 17.Rfb1 Kc8 18.Re1 bxc4 19.Nf4 c3 20.Rbe2 f5 21.f3 e5 22.fxe4 Kd7
23.Ne6 Rc8 24.Rb1 Rab8 25.Bxc3 Ba8 26.Rf1 Re8 27.Ref2 Bb7 28.Rb2 Ba8 29.Rd2 fxe4
30.Rf7+ Re7 31.Rxe7+ Kxe7 32.Nc7 Rb1+ 33.Kf2 Bb7 34.Ke3 Re1+ 35.Re2 Rd1 36.Rd2 Re1+
37.Kf2 Rb1 38.Ke2 Bc8 39.h3 Rb7 40.Ba5 Rb1 41.Ke3 Re1+ 42.Kf2 Rb1 43.Re2 Bb7
44.Rxe4 Rd1 45.Ke2 Rg1 46.Rg4 Ra1 47.Ra4 Kd7 48.Ra3 Rg1 49.g4 Ra1 50.g5 Ke7
51.Ra4 Kd7 52.Kd3 Kc8 53.Kc2 Kb8 54.Kb2 Rg1 55.Rg4 Rf1 56.Rh4 Rf2+ 57.Kb1 Rf1+
58.Kb2 Rf2+ 59.Ka3 Rf3+ 60.Ka4 Rf4+ 61.Rxf4 exf4 62.Ne8 Bxd5 63.Ka3 Kc8 64.h4 Kd7
65.Nf6+ Kc6 66.Nxh7 Kb5 67.Nf6 Bf7 68.Bc7 f3 69.Ng4 Be6 70.Nf2 d5 71.Kb2  1/2-1/2

[Event "Bundesliga 8990"]
[Site "Germany"]
[Date "1990.??.??"]
[Round "?"]
[White "Schmid, Guenter"]
[Black "Paulsen, Dirk"]
[Result "1-0"]
[WhiteElo "2315"]
[BlackElo "2295"]

1.d4 Nf6 2.Bg5 c5 3.Bxf6 gxf6 4.dxc5 e6 5.Nc3 f5 6.e4 Bxc5 7.Qf3 Nc6 8.O-O-O Ne5
9.Qh5 Bxf2 10.Nh3 Qh4 11.Qe2 Bb6 12.exf5 Ng4 13.Kb1 Ne3 14.fxe6 dxe6 15.Rd3 Nf5
16.g3 Qe7 17.Bg2 Bd7 18.Rf1 Nd4 19.Qe5 O-O-O 20.Rxd4 Bxd4 21.Qxd4 Bb5 22.Qxa7 Bxf1
23.Qa8+ Kd7 24.Qxb7+ Ke8 25.Qc6+ Kf8 26.Bxf1 h5 27.Qf3 h4 28.Nf4 Rg8 29.Bc4 Kg7
30.a3 hxg3 31.hxg3 Rb8 32.Ne4 Rgc8 33.Bb3 Qc7 34.Nxe6+ fxe6 35.Qf6+  1-0

[Event "Regionalliga NordN"]
[Site "Germany"]
[Date "1990.??.??"]
[Round "?"]
[White "Jahn, Otilia"]
[Black "Schoof, Martin"]
[Result "1/2-1/2"]
[WhiteElo "2240"]
[BlackElo "2280"]

1.d4 Nf6 2.Bg5 d5 3.Bxf6 exf6 4.e3 Bf5 5.Nd2 Bd6 6.g4 Bg6 7.Bg2 c6 8.Ne2 h5
9.gxh5 Bxh5 10.c4 dxc4 11.Nxc4 Bb4+ 12.Kf1 Qc7 13.Qd3 Bg6 14.Be4 Bxe4 15.Qxe4+ Qe7
16.Qxe7+ Kxe7 17.Ng3 g6 18.a3 Bd6 19.Nxd6 Kxd6 20.Ne4+ Ke7 21.Nc5 b6 22.Nd3 Nd7
23.Rc1 Rac8 24.b4 c5 25.bxc5 bxc5 26.dxc5 Rh5 27.Ke2 Nxc5 28.Rc4 Rc7 29.Rhc1 Kd6
30.Rd1 Rd5 31.Nxc5 Rxc5 32.Rxc5 Kxc5 33.Rc1+ Kd6 34.Rc4 Ra5 35.a4 Rd5 36.h4 Kd7
37.Kf3 Kd6 38.Rb4 Ra5 39.Kg4 Rf5 40.Rb7 Ra5 41.Rxf7 Rxa4+ 42.f4 Ke6 43.Rg7 Ra3
44.Rxg6 Rxe3 45.Rg7 f5+ 46.Kh5 Rf3 47.Rg6+ Kf7  1/2-1/2

[Event "SWE-ch"]
[Site "Gothenburg"]
[Date "1990.??.??"]
[Round "?"]
[White "Astrom, Robert"]
[Black "Wiedenkeller, Michael"]
[Result "0-1"]
[WhiteElo "2315"]
[BlackElo "2425"]

1.d4 Nf6 2.Bg5 d5 3.Nf3 Ne4 4.Bh4 c5 5.dxc5 Qa5+ 6.c3 Qxc5 7.e3 Nc6 8.Be2 g6
9.O-O Bg7 10.Nbd2 Nxd2 11.Nxd2 O-O 12.Nb3 Qd6 13.a4 e5 14.a5 Be6 15.a6 b6
16.Bg3 Qe7 17.Bb5 Rac8 18.Ra4 Rfd8 19.Re1 f6 20.f4 Qf7 21.fxe5 Nxe5 22.Nd4 Bd7
23.h3 f5 24.Kh1 Nc4 25.Bxd7 Qxd7 26.Ra2 Re8 27.Bf4 h6 28.Qd3 Re4 29.Nc2 Qe6
30.Bh2 Kh7 31.Rd1 Rd8 32.b3 Nxe3 33.Rg1 Nxc2 34.Rxc2 Re3 35.Qd2 Qe4 36.Rf1 Re8
37.Bg1 Rxh3+  0-1

[Event "HUN-chop"]
[Site "Gyor"]
[Date "1990.??.??"]
[Round "11"]
[White "Dezelin, Milan"]
[Black "Piesina, Gintautas"]
[Result "0-1"]
[WhiteElo "2315"]
[BlackElo "2410"]

1.d4 Nf6 2.Bg5 d5 3.Bxf6 exf6 4.e3 Nd7 5.c4 dxc4 6.Bxc4 Bd6 7.Nc3 O-O 8.Qf3 f5
9.Nge2 Nf6 10.h3 c6 11.O-O-O g6 12.Rhe1 h5 13.Nf4 Kg7 14.Bb3 a6 15.Nd3 Qe7
16.Qe2 b5 17.Kb1 a5 18.Rc1 a4 19.Bd1 Be6 20.g4 hxg4 21.hxg4 Nxg4 22.d5 Bxd5
23.Nxd5 cxd5 24.Qc2 Rfc8 25.Qxc8 Rxc8 26.Rxc8 Qe4 27.Bc2 Qf3 28.Rd8 Bh2 29.Rd1 Nf6
30.Nb4 Qxf2 31.Nxd5 Nxd5 32.R8xd5 Qxe3 33.Rxb5 f4 34.Bxa4 f3 35.Bc2 Qe2 36.a4 f2
37.Rc1  0-1

[Event "Helsinki Club-ch"]
[Site "Helsinki"]
[Date "1990.??.??"]
[Round "7"]
[White "Norri, Joose"]
[Black "Lahtinen, Markku"]
[Result "0-1"]
[WhiteElo "2360"]
[BlackElo "2225"]

1.d4 d5 2.Bg5 Nf6 3.Nc3 e6 4.e4 dxe4 5.Nxe4 Be7 6.Bxf6 Bxf6 7.Nf3 Nd7 8.c3 O-O
9.Bd3 b6 10.h4 Bb7 11.Qe2 Re8 12.O-O-O Qe7 13.g4 g6 14.h5 e5 15.hxg6 hxg6
16.d5 Bxd5 17.Rh3 Nc5 18.Nfd2 Rad8 19.Nxc5 Qxc5 20.f3 a5 21.Rdh1 Kf8 22.Be4 Bxa2
23.Bxg6 Rxd2 24.Qxd2 fxg6 25.Rh7 Bg7 26.Qd3 Qd6 27.Qe3 Qf6 28.Kc2 Qf4 29.Qd3 Bg8
30.R7h3 Bf7 31.Qd7 a4 32.Kb1 a3 33.bxa3 Qc4 34.R1h2 Qd5 35.Qxc7 Qd1+ 36.Kb2 Qb3+
37.Kc1 Qxa3+ 38.Rb2 e4 39.Qd6+ Qxd6  0-1

[Event "Jajce (Women)"]
[Site "Jajce"]
[Date "1990.??.??"]
[Round "10"]
[White "Maksimovic, Suzana"]
[Black "Gajic, Djordje"]
[Result "1-0"]
[WhiteElo "2280"]
[BlackElo "2295"]

1.d4 Nf6 2.Bg5 d5 3.Bxf6 exf6 4.e3 c6 5.Bd3 Bd6 6.Nd2 f5 7.Qf3 g6 8.h3 h5
9.c4 Bb4 10.Ne2 Qa5 11.Rd1 Qxa2 12.O-O Qa5 13.Nb3 Qd8 14.Nf4 dxc4 15.Bxc4 Bd6
16.e4 Bxf4 17.Qxf4 O-O 18.Nc5 fxe4 19.d5 cxd5 20.Rxd5 Qb6 21.Rd6  1-0

[Event "Karl-Marx-Stadt"]
[Site "Karl-Marx-Stadt"]
[Date "1990.??.??"]
[Round "?"]
[White "Lorenz, Gerd"]
[Black "Zielinski, Marek"]
[Result "1/2-1/2"]
[WhiteElo "2275"]
[BlackElo "2355"]

1.d4 Nf6 2.Bg5 d5 3.Bxf6 exf6 4.e3 Be6 5.Bd3 c6 6.Nd2 Be7 7.Qf3 Qb6 8.Rb1 Nd7
9.Ne2 Bd6 10.Nf4 f5 11.c3 Nf6 12.Nh5 Nxh5 13.Qxh5 Qd8 14.Qf3 Qf6 15.h4 h5
16.g3 a5 17.O-O Ke7 18.Qg2 g6 19.f4 Rhb8 20.Nf3 Kf8 21.Ne5 Bxe5 22.fxe5  1/2-1/2

[Event "Kecskemet op2"]
[Site "Keckemeth"]
[Date "1990.??.??"]
[Round "?"]
[White "Brandics, Jozsef"]
[Black "Vaulin, Alexander"]
[Result "0-1"]
[WhiteElo "2325"]
[BlackElo "2450"]

1.d4 Nf6 2.Bg5 c5 3.d5 Ne4 4.Bf4 Qb6 5.Qc1 d6 6.Nd2 Nxd2 7.Bxd2 e6 8.e4 exd5
9.exd5 Be7 10.Bc3 O-O 11.Qe3 Re8 12.O-O-O Qd8 13.Nf3 Bd7 14.h4 b5 15.Ng5 h6
16.Ne4 b4 17.Bxg7 Kxg7 18.Qg3+ Kh8 19.Nxd6 Bxd6 20.Qxd6 Qb6 21.Qf4 Qg6 22.Bd3 Qg7
23.g4 Ba4 24.Qd6 Nd7 25.f4 Qf6 26.Qc7 Qb6 27.Qxb6 Nxb6 28.b3 Bd7 29.g5 Bg4
30.Rdg1 h5 31.f5 Nxd5 32.f6 Nf4  0-1

[Event "Kecskemet op2"]
[Site "Keckemeth"]
[Date "1990.??.??"]
[Round "?"]
[White "Brandics, Jozsef"]
[Black "Borriss, Martin"]
[Result "1/2-1/2"]
[WhiteElo "2325"]
[BlackElo "2280"]

1.d4 Nf6 2.Bg5 c5 3.dxc5 e6 4.Nc3 Bxc5 5.e3 d5 6.Bd3 Nc6 7.Nf3 O-O 8.O-O Be7
9.a3 b6 10.e4 d4 11.Ne2 e5 12.Bb5 Qc7 13.Bxc6 Qxc6 14.Nxe5 Qxe4 15.Nf3 h6
16.Bh4 Bb7 17.Nexd4 Qg6 18.Bg3 Rad8 19.c3 Ne4 20.Re1 Bf6 21.Qa4 Nc5 22.Qb5 Ba6
23.Qc6 Bb7 24.Ne5 Qh5 25.Qb5 Rd5 26.Qe2 Qxe2 27.Rxe2 Ba6 28.Re3 Bxe5 29.Bxe5 Nd3
30.Nc6 Re8 31.Bd4 Rxe3 32.fxe3 Rg5 33.Nb4 Bc4 34.b3 Nxb4 35.bxc4 Na6 36.Kf2 Kf8
37.e4 Ra5 38.Ke3 Nc5 39.g4 Nb3 40.Ra2 Ra4 41.h4 Rxc4 42.a4 f6 43.Ra3 Na5
44.Kd3 Rc7 45.Ra2  1/2-1/2

[Event "Leningrad it"]
[Site "Leningrad"]
[Date "1990.??.??"]
[Round "?"]
[White "Emms, John M"]
[Black "Zdrojewski, Wojciech"]
[Result "0-1"]
[WhiteElo "2430"]
[BlackElo "2265"]

1.d4 Nf6 2.Bg5 d5 3.Bxf6 exf6 4.e3 Be6 5.Bd3 c6 6.Nd2 Bd6 7.Qf3 Nd7 8.Ne2 Qa5
9.c3 g6 10.e4 O-O-O 11.Nf4 Rhe8 12.O-O dxe4 13.Nxe4 Bc7 14.b4 Qa4 15.Rfb1 f5
16.Nc5 Nxc5 17.bxc5 Bxf4 18.Qxf4 Bc4 19.Qd2 Qa6 20.Bxc4 Qxc4 21.Qb2 Rd7 22.Qb3 Qxb3
23.axb3 Re2 24.Re1 Rc2 25.Rac1 Re7 26.h4 Rxe1+ 27.Rxe1 Rxc3 28.Re7 Rxb3 29.Rxf7 h5
30.Rg7 a5 31.Rxg6 a4 32.Rg8+ Kd7 33.f3 f4 34.g4 fxg3 35.Kg2 Rb4 36.Rb8 Kc7
37.Ra8 Rxd4 38.Kxg3 Kd7 39.f4 Ke6 40.Re8+ Kf7 41.Ra8 Rd3+ 42.Kf2 a3 43.Ra7 Rb3
44.Ke2 Ke6 45.Kd2 Kf5 46.Kc2 Rb5 47.Rxa3 Rxc5+ 48.Kd3 Kxf4 49.Ra7 b5 50.Ra4+ Kg3
51.Re4 Rf5 52.Re7 c5  0-1

[Event "Leningrad it"]
[Site "Leningrad"]
[Date "1990.??.??"]
[Round "?"]
[White "Emms, John M"]
[Black "Schmidt, Stefan"]
[Result "1-0"]
[WhiteElo "2430"]
[BlackElo "2285"]

1.d4 Nf6 2.Bg5 c5 3.d5 g6 4.Nc3 d6 5.e4 Bg7 6.Qd2 O-O 7.Bh6 Bxh6 8.Qxh6 a6
9.Nf3 Nbd7 10.Ng5 Re8 11.Be2 Nf8 12.h4 b5 13.h5 e5 14.dxe6 Bxe6 15.hxg6 fxg6
16.O-O-O Qe7 17.f4 b4 18.Nxe6 bxc3 19.Ng5 d5 20.e5 Qb7 21.bxc3 Rab8 22.exf6 Rxe2
23.f7+  1-0

[Event "Luxembourg op"]
[Site "Luxembourg"]
[Date "1990.??.??"]
[Round "3"]
[White "Plaskett, Jim"]
[Black "Rasmussen, Lars Bo"]
[Result "1-0"]
[WhiteElo "2470"]
[BlackElo "2240"]

1.d4 Nf6 2.Bg5 c5 3.d5 d6 4.Nc3 Bf5 5.f3 h6 6.Bxf6 gxf6 7.e4 Bg6 8.Bd3 e5
9.f4 exf4 10.Nh3 Nd7 11.Nxf4 a6 12.O-O Ne5 13.Be2 b5 14.Nxg6 fxg6 15.Bg4 h5
16.Be6 Bh6 17.a4 b4 18.Ne2 Kf8 19.Qe1 Kg7 20.Qg3 h4 21.Qh3 Qe7 22.b3 Bg5
23.Kh1 Raf8 24.Rf2 Qa7 25.Rd1 c4 26.Nd4 Nd3 27.Rxd3 cxd3 28.Qxd3 Re8 29.Rf1 a5
30.Qc4 Be3 31.Nc6 Qb6 32.c3 Bd2 33.cxb4 Bxb4 34.Bd7 Ra8 35.Nd4 Ra7 36.Ne6+ Kf7
37.Qe2 Rxd7 38.Rxf6+ Kxf6 39.Qb2+  1-0

[Event "Lyngby op"]
[Site "Lyngby"]
[Date "1990.??.??"]
[Round "9"]
[White "Andersen, Ib"]
[Black "Hoi, Carsten"]
[Result "1/2-1/2"]
[WhiteElo "2210"]
[BlackElo "2445"]

1.d4 Nf6 2.Bg5 g6 3.Nc3 d6 4.e4 c6 5.Qd2 h6 6.Bh4 b5 7.Bd3 Bg7 8.f4 O-O 9.h3 Bb7
10.e5 dxe5 11.dxe5 b4 12.Na4 Nd5 13.Nc5 Qb6 14.Bf2 Qc7 15.Nxb7 Qxb7 16.Nf3 Nd7
17.O-O e6 18.c4 bxc3  1/2-1/2

[Event "Lyon zt"]
[Site "Lyon"]
[Date "1990.??.??"]
[Round "4"]
[White "Piket, Jeroen"]
[Black "Stull, Norbert"]
[Result "1-0"]
[WhiteElo "2495"]
[BlackElo "2235"]

1.d4 Nf6 2.Bg5 d5 3.Bxf6 exf6 4.e3 c6 5.Nd2 Bd6 6.Bd3 O-O 7.Qf3 Re8 8.Ne2 Nd7
9.h4 Nf8 10.g4 Be6 11.O-O-O c5 12.dxc5 Bxc5 13.Nb3 Rc8 14.Nf4 Nd7 15.Bf5 Ne5
16.Qg2 d4 17.exd4 Bxb3 18.axb3 Qa5 19.Kb1 Rc6 20.dxc5 Ra6 21.c3 Qa2+ 22.Kc2 Nc4
23.bxc4 Qa4+ 24.Kc1 Qxc4 25.Qe4 Qb5 26.Rhe1 Ra1+ 27.Kc2  1-0